02287 a2200181 45000010006000000050017000060080041000230030015000640400040000790800032001192450098001512640080002493000024003295051699003530410008020521000024020607000021020845334420260407155807.0260407a1955 arg spa dAR-UNSa-BCEJYS aAR-UNSa-BCEJYSbspacAR-UNSa-BCEJYS a94:33xHistoria económica10aHistoria de la economía del mundo occidentalphasta principios de la segunda guerra mundial 1aMéxico :bUnión Tipográfica Editorial Hispano-Americana (UTEHA)c1955 axvi, 910 p.c22 cm. aPrimera parte: Fundamentos de la vida económica europea - I. Orígenes de la vida económica - II. Progreso económico del próximo oriente en la antiguedad - III. La vida económica de la cuenca mediterránea en los tiempos clásicos - Segunda parte: Vida económica medieval - IV. Fundamentos de la vida económica en la edad media - V. El sistema manorial y la sociedad agraria - VI. Las ciudades,el comercio y la industria en la edad media - Tercera parte: Expansión de Europa y aparición del orden económico moderno en el mundo antiguo y en el nuevo -VII. Expansión de Europa y orígenes de la sociedad moderna - VIII. La revolución comercial y los comienzos de la industria y la agricultura modernas - IX. Capitalismo y politíca comercial en la primera época de la edad moderna - Cuarta parte: La revolución industrial y el comienzo de la edad de las máquinas - X. El nuevo imperio de las máquinas y el comienzo del sistema fabril - XI. La revolución en la fuerza motriz,el transporte y las comunicaciones - XII. Ampliación de la revolución industrial a la Europa continental - XIII. Industrialización de Asia,Australasia y África - XIV. La revolución industrial llega al nuevo mundo - XV. Defensa y crítica del primer capitalismo industrial - Quinta parte: La vida económica contemporánea:Las crisis en el sistema capitalista - XVI. Segunda revolución industrial - XVII. Capitalismo financiero - XVIII. Programas contemporáneos de reforma social y económica - XIX. El imperialismo económico,la primera guerra mundial y sus consecuencias - XX. El mundo de la postguerra: Crisis del capitalismo y aparición del comunismo en Rusia aspa1 aBarnes, Harry Elmer1 aMuñoz, Orencio